Vista normal Vista MARC

Entrada Personal Name

Número de registros utilizados en: 1

001 - CONTROL NUMBER

  • control field: 45316

003 - CONTROL NUMBER IDENTIFIER

  • control field: OSt

005 - DATE AND TIME OF LATEST TRANSACTION

  • control field: 20241125150716.0

008 - FIXED-LENGTH DATA ELEMENTS

  • fixed length control field: 241125|| aca||aabn | a|a d

040 ## - CATALOGING SOURCE

  • Original cataloging agency: OSt
  • Transcribing agency: OSt

100 ## - HEADING--PERSONAL NAME

  • Personal name: Calazans Vela, José de, Fray,
  • Dates associated with a name: 1840-1915

670 ## - SOURCE DATA FOUND

  • Source citation: Work cat.: (OSt)39836: Calazans Vela, José de, Fray, 1840-1915, Dos viajes por la orinoquia colombiana 1889-1988









Instituto Departamental de Cultura del Meta - Red Departamental de Bibliotecas Públicas del Meta.